00550nam a22001697a 450000500170000001000150001702000270003203500140005903700130007308200100008610000180009624500830011426000340019727000750023130000240030650000500033020190722142536.0 aENG-126037 a9788192799919c1450.00 aEN-109569 bDBAD/PUB a599.9 aReddy, V.Rami aCurrent trends in human genetics and physical anthropology /cby V. Rami Reddy aAndra PradeshbV.Indirac2018 a8-30, (Opp) Vidyanagar , SVUNT ColonybTirupati, Andra Pradeshe517502 axii,307pc26cm(pbk) aIncludes bibliographical references and index